000 00773nam a22002297a 4500
999 _c15665
_d15665
005 20220117143102.0
008 191204b ||||| |||| 00| 0 eng d
041 _aeng
043 _aa-ph---
050 1 0 _aD21
_b.An87 2018
100 _aAntiporda, John King C.
245 _aE-learning portal in the teaching of world history for grade 8 learners
260 _cApril 2018
300 _a162 leaves :
_billustrations ;
_c28 cm
336 _2rda content
_atext
337 _2rda media
_aunmediated
338 _2rda carrier
_avolume
502 _aThesis
_bMaster of Arts in Teaching major in Social Studies
_cUniversity of Rizal System-Morong
_d2018
650 0 _aWorld history--Study and teaching.
700 _aDelizo, Ma. Luz M.
_edegree supervisor
942 _2lcc
_cT